000 00539nam a2200205Ia 4500
003 GCL
008 140319s9999 xx 000 0 eng d
040 _aGCL /
_cGCL
082 0 4 _aCC
_b709.32
_bJ K
100 1 _aJACOUET, JEAN
245 1 0 _aLE TRESOR DE THOUTMOSIS 1ER /
_cJACOUET, JEAN
260 _a[S.N] :
_bINSTITUT FRANCAIS D'ARCHEOLOGIE ORIENTAL ،
_c1994
650 0 4 _aART- EGYPT
650 0 4 _aARCHAEOLOGY
650 0 4 _aEGYPTOLOGY
650 0 4 _aTEMPLES
650 0 4 _aKARNAK
650 0 4 _aEGYPT - TEMPLES
942 _2ddc
_cBK
999 _c25428
_d25428